Biggest Texas Cities Quiz Stats

Quiz not verified by Sporcle

Challenge
Share
Tweet
Embed
Score 0/10 Timer 03:00
0 Plays Today
Population City % Correct
1,223,229Dallas
99.4%
2,145,146Houston
98.9%
1,359,758San Antonio
94.8%
820,611Austin
94.8%
758,738Fort Worth
93.1%
665,568El Paso
88.5%
307,953Corpus Christi
77.6%
373,698Arlington
74.1%
269,776Plano
64.4%
241,935Laredo
54%

You're not logged in!

Compare scores with friends on all Sporcle quizzes.
Join for Free
OR
Log In

You Might Also Like...

Show Comments

Extras

Top Quizzes Today


Score Distribution

Your Account Isn't Verified!

In order to create a playlist on Sporcle, you need to verify the email address you used during registration. Go to your Sporcle Settings to finish the process.

Report this User

Report this user for behavior that violates our Community Guidelines.

Details: